Baytown & La Porte, Texas StreetMap : including Clear Lake Shores, Deer Park, El Lago, Friendswood, Galena Park, Humble, Jacinto City, Morgans Point, Nassau Bay, Pasadena, Pearland, Seabrook, Shoreacres, South Houston, Taylor Lake Village, Webster & neighboring communities.

Bibliographic Details
Corporate Author: Universal Map (Firm)
Format: Map
Language:English
Published: Williamston, MI : UniversalMAP, [2000]
Subjects:

MARC

Tag First Indicator Second Indicator Subfields
LEADER 00000cem a2200000 a 4500
001 in00003606713
005 20170928112709.0
007 aj canzn
008 020118s2000 miu a 1 eng
010 |a  2002622362 
020 |a 0762510633 
020 |a 9780762510634 
034 1 |a a  |b 46000  |d W0951811  |e W0945331  |f N0300423  |g N0292919  |2 bound 
035 |a (OCoLC)ocm48941261 
035 |a (OCoLC)48941261 
037 |a TX650  |b Universal Map 
040 |a DLC  |b eng  |c DLC  |d OCLCQ  |d OCLCF  |d OCLCO  |d OCLCQ  |d TXA  |d UtOrBLW 
043 |a n-us-tx 
049 |a TXAM 
050 0 0 |a G4034.B2 2000  |b .U5 
052 |a 4034  |b B2  |b L16  |b D27  |b E5  |b F85  |b G25  |b H87  |b J2  |b N25  |b P5  |b P55  |b S364  |b S65  |b W324 
110 2 |a Universal Map (Firm)  |0 http://id.loc.gov/authorities/names/n93119306 
245 1 0 |a Baytown & La Porte, Texas StreetMap :  |b including Clear Lake Shores, Deer Park, El Lago, Friendswood, Galena Park, Humble, Jacinto City, Morgans Point, Nassau Bay, Pasadena, Pearland, Seabrook, Shoreacres, South Houston, Taylor Lake Village, Webster & neighboring communities. 
246 3 |a Baytown and La Porte, Texas StreetMap 
246 3 |a UniversalMap Baytown and LaPorte, Texas StreetMap 
255 |a Scale approximately 1:46,000.  |c (W 95°18ʹ11ʺ--W 94°53ʹ31ʺ/N 30°04ʹ23ʺ--N 29°29ʹ19ʺ) 
264 1 |a Williamston, MI :  |b UniversalMAP,  |c [2000] 
264 4 |c ©2000 
300 |a 1 map :  |b both sides, color ;  |c 145 x 84 cm, on sheet 68 x 99 cm, folded to 23 x 10 cm 
336 |a cartographic image  |b cri  |2 rdacontent 
337 |a unmediated  |b n  |2 rdamedia 
338 |a sheet  |b nb  |2 rdacarrier 
500 |a Panel title. 
500 |a At head of panel title: UniversalMap. 
500 |a Includes indexes. 
500 |a Cartographic material. 
651 0 |a Baytown (Tex.)  |v Maps. 
651 0 |a La Porte (Tex.)  |v Maps. 
651 0 |a Deer Park (Tex.)  |v Maps. 
651 0 |a El Lago (Tex.)  |v Maps. 
651 0 |a Friendswood (Tex.)  |v Maps. 
651 0 |a Galena Park (Tex.)  |v Maps. 
651 0 |a Humble (Tex.)  |v Maps. 
651 0 |a Jacinto City (Tex.)  |v Maps. 
651 0 |a Nassau Bay (Tex.)  |v Maps. 
651 0 |a Pasadena (Tex.)  |v Maps. 
651 0 |a Pearland (Tex.)  |v Maps. 
651 0 |a Seabrook (Tex.)  |v Maps. 
651 0 |a South Houston (Tex.)  |v Maps. 
651 0 |a Webster (Tex.)  |v Maps. 
651 0 |a Texas  |v Maps. 
651 7 |a Texas  |z Baytown.  |2 fast  |0 (OCoLC)fst01217208 
651 7 |a Texas  |z La Porte.  |2 fast  |0 (OCoLC)fst01221849 
655 7 |a Maps.  |2 fast  |0 (OCoLC)fst01423704 
655 7 |a Road maps.  |2 lcgft  |0 http://id.loc.gov/authorities/genreForms/gf2011026536 
994 |a C0  |b TXA 
948 |a cataloged  |b h  |c 2016/3/23  |d c  |e sladdusaw  |f 2:00:01 pm 
999 f f |s 88634640-f74c-3d10-aab6-290ee46bbaab  |i 8aa2d8d1-4d67-3dd3-ba26-e7bfe065f3ab  |t 0 
952 f f |p normal  |a Texas A&M University  |b College Station  |c Sterling C. Evans Library  |d Evans: Maps (2nd floor)  |t 0  |e G4034.B2 2000 .U5  |h Library of Congress classification  |i unmediated -- sheet  |m A14827616374 
998 f f |a G4034.B2 2000 .U5  |t 0  |l Evans: Maps (2nd floor)